MARC details
| 000 -CABECERA |
| campo de control de longitud fija |
01531nam a2200301 a 4500 |
| 001 - NÚMERO DE CONTROL |
| campo de control |
000038573 |
| 003 - IDENTIFICADOR DEL NÚMERO DE CONTROL |
| campo de control |
DO-SdBNP |
| 005 - FECHA Y HORA DE LA ÚLTIMA TRANSACCIÓN |
| campo de control |
20230203092654.0 |
| 007 - CAMPO FIJO DE DESCRIPCIÓN FÍSICA--INFORMACIÓN GENERAL |
| campo de control de longitud fija |
ta |
| 008 - DATOS DE LONGITUD FIJA--INFORMACIÓN GENERAL |
| campo de control de longitud fija |
081212s1983 dr ac 000 0 spa d |
| 040 ## - FUENTE DE LA CATALOGACIÓN |
| Centro catalogador/agencia de origen |
DO-SdBNP |
| Lengua de catalogación |
spa |
| Centro/agencia transcriptor |
BNPHU |
| 082 ## - NÚMERO DE LA CLASIFICACIÓN DECIMAL DEWEY |
| Número de clasificación |
101 |
| Número de documento/Ítem |
V768m, 1983 |
| Número de edición |
22 |
| 100 1# - ENTRADA PRINCIPAL--NOMBRE DE PERSONA |
| Nombre de persona |
Vincent Cepeda, Rosa Amelia |
| 9 (RLIN) |
1213 |
| 245 10 - MENCIÓN DE TÍTULO |
| Título |
Manual de introducción a la filosofía / |
| Mención de responsabilidad, etc. |
Rosa Amelia Vincent Cepeda. |
| 260 ## - PUBLICACIÓN, DISTRIBUCIÓN, ETC. |
| Lugar de publicación, distribución, etc. |
Santo Domingo : |
| Nombre del editor, distribuidor, etc. |
Amigo del Hogar, |
| Fecha de publicación, distribución, etc. |
1983. |
| 300 ## - DESCRIPCIÓN FÍSICA |
| Extensión |
93 p. : |
| Otras características físicas |
il., retrs. ; |
| Dimensiones |
20 cm. |
| 500 ## - NOTA GENERAL |
| Nota general |
Desarrollo del Programa de Oficial Plan de Reforma |
| 504 ## - NOTA DE BIBLIOGRAFÍA, ETC. |
| Nota de bibliografía, etc. |
Bibliografía : p. 93 |
| 505 2# - NOTA DE CONTENIDO CON FORMATO |
| Información miscelánea |
Capítulo I. |
| Título |
Concepto general de la filosofía -- |
| Información miscelánea |
Capítulo II. |
| Título |
El mundo griego y los primeros filósofos -- |
| Información miscelánea |
Capítulo III. |
| Título |
La Atenas de Pericles -- |
| Información miscelánea |
Capítulo IV. |
| Título |
Aristóteles -- |
| Información miscelánea |
Capítulo V. |
| Título |
Las escuelas moralistas -- |
| Información miscelánea |
Capítulo VI. |
| Título |
Advenimiento del cristianismo -- |
| Información miscelánea |
Capítulo VII. |
| Título |
El Renacimiento -- |
| Información miscelánea |
Capítulo VIII. |
| Título |
Los empiristas ingleses -- |
| -- |
Los pensadores alemanes -- |
| Información miscelánea |
Capítulo X. |
| Título |
Ausgusto Comte y el positivismo -- |
| Información miscelánea |
Capítulo XI. |
| Título |
El pensamiento del siglo XX -- |
| Información miscelánea |
Capítulo XII. |
| Título |
Las diversas disciplinas filosóficas -- |
| -- |
Bibliografía. |
| 521 ## - NOTA DE PÚBLICO DESTINATARIO |
| Nota de público destinatario |
Para estudiantes de bachillerato |
| 590 ## - NOTA LOCAL (RLIN) |
| Nota local |
Inventariado, 2018 /LP |
| 650 #4 - PUNTO DE ACCESO ADICIONAL DE MATERIA--TÉRMINO DE MATERIA |
| Término de materia o nombre geográfico como elemento de entrada |
Filosofía |
| Subdivisión general |
Historia |
| 9 (RLIN) |
528 |
| 650 #4 - PUNTO DE ACCESO ADICIONAL DE MATERIA--TÉRMINO DE MATERIA |
| Término de materia o nombre geográfico como elemento de entrada |
Filosofía |
| Subdivisión general |
Libros de texto |
| 9 (RLIN) |
1214 |
| 650 #4 - PUNTO DE ACCESO ADICIONAL DE MATERIA--TÉRMINO DE MATERIA |
| Término de materia o nombre geográfico como elemento de entrada |
Filosofía |
| Subdivisión general |
Enseñanza |
| 9 (RLIN) |
527 |
| 650 #4 - PUNTO DE ACCESO ADICIONAL DE MATERIA--TÉRMINO DE MATERIA |
| Término de materia o nombre geográfico como elemento de entrada |
Filosofía antigua |
| 9 (RLIN) |
1215 |
| 910 ## - DATOS DE OPCIÓN DEL USUARIO (OCLC) |
| Datos de opción del usuario |
Validado. Control de calidad BNPHU. |
| 942 ## - ELEMENTOS DE PUNTO DE ACCESO ADICIONAL (KOHA) |
| Fuente del sistema de clasificación o colocación |
Dewey Decimal Classification |
| Tipo de ítem Koha |
Libro |